Actas de las Segundas Jornadas de Patrimonio Arqueológico en la Comunidad de Madrid (Record no. 197791)
[ view plain ]
| 000 -LEADER | |
|---|---|
| campo de control de longitud fija | 03052nmmaa2200397 i 4500 |
| 001 - NÚMERO DE CONTROL | |
| campo de control | 197791 |
| 005 - FECHA Y HORA DE LA ÚLTIMA TRANSACCIÓN | |
| campo de control | 20250812063140.0 |
| 008 - DATOS DE LONGITUD FIJA--INFORMACIÓN GENERAL | |
| campo de control de longitud fija | 080310e2007 sp a |o||j o000 0 spa |
| 015 ## - NÚMERO DE BIBLIOGRAFÍA NACIONAL | |
| Número de bibliografía nacional | MON07 |
| 017 ## - NÚMERO DE COPYRIGHT O DE DEPÓSITO LEGAL | |
| Número de copyright o de depósito legal | M 48285-2007 |
| Agencia que asigna | Oficina Depósito Legal Madrid |
| 020 ## - NÚMERO INTERNACIONAL ESTÁNDAR DEL LIBRO | |
| Número Internacional Estándar del Libro | 978-84-451-3026-1 |
| 035 ## - NÚMERO DE CONTROL DEL SISTEMA | |
| Número de control de sistema | (OCoLC)433472695 |
| 035 ## - NÚMERO DE CONTROL DEL SISTEMA | |
| Número de control de sistema | (SpMaBN)a3332594 |
| 040 ## - FUENTE DE CATALOGACIÓN | |
| Centro catalogador/agencia de origen | SpMaBN |
| Lengua de catalogación | spa |
| Centro/agencia transcriptor | SpMaBN |
| Normas de descripción | rdc |
| 080 ## - NÚMERO DE LA CLASIFICACIÓN DECIMAL UNIVERSAL | |
| Número de la Clasificación Decimal Universal | 903(460.27)(063) |
| 080 ## - NÚMERO DE LA CLASIFICACIÓN DECIMAL UNIVERSAL | |
| Número de la Clasificación Decimal Universal | 904(460.27)(063) |
| 111 2# - ENTRADA PRINCIPAL--NOMBRE DE CONGRESO/REUNIÓN | |
| Nombre de congreso/reunión o jurisdicción como elemento de entrada | Jornadas de Patrimonio Arqueológico en la Comunidad de Madrid |
| Número del congreso/reunión o número de parte o sección | (2ª. |
| Fecha del congreso o de la firma del tratado | 2005. |
| Sede del congreso/Lugar de la reunión | Madrid) |
| 9 (RLIN) | 241695 |
| 245 10 - MENCIÓN DEL TÍTULO | |
| Título | Actas de las Segundas Jornadas de Patrimonio Arqueológico en la Comunidad de Madrid |
| Medio | [Recurso electrónico] : |
| Resto del título | [celebradas en el Ateneo de Madrid los días 30 de noviembre, 1 y 2 de diciembre de 2005] / |
| Mención de responsabilidad, etc. | [organización, Dirección General de Patrimonio Histórico, Área de Protección del Patrimonio Arqueológico, Paleontológico y Etnológico ; Belén Martínez Díaz] |
| 260 ## - PUBLICACIÓN, DISTRIBUCIÓN, ETC. | |
| Lugar de publicación, distribución, etc. | [Madrid] : |
| Nombre del editor, distribuidor, etc. | Dirección General de Patrimonio Histórico, |
| Fecha de publicación, distribución, etc. | [2007] |
| 300 ## - DESCRIPCIÓN FÍSICA | |
| Extensión | 354 páginas : |
| Otras características físicas | ilustraciones (blanco y negro y color), gráficos, mapas, planos ; |
| Dimensiones | 24 cm |
| Material acompañante/anejo | |
| 500 ## - NOTA GENERAL | |
| Nota general | Índice |
| 504 ## - NOTA DE BIBLIOGRAFÍA, ETC. | |
| Nota de bibliografía, etc. | Referencias bibliográficas |
| 505 0# - NOTA DE CONTENIDO CON FORMATO | |
| Nota de contenido con formato | Grandes obras, grandes retos. El patrimonio arqueológico moderno y contemporáneo en la Comunidad de Madrid. Profesionales de la Arqueología: caminos para un mismo fin. El Anuario de actuaciones arqueológicas y paleontológicas de la Comunidad de Madrid, 2002 y 2003: análisis de cifras. Posters |
| 520 ## - RESUMEN, ETC. | |
| Sumario, etc. | Recoge las ponencias presentadas en las Segundas Jornadas de Patrimonio Arqueológico en la Comunidad de Madrid, celebradas en el Ateneo de Madrid los días 30 de noviembre, 1 y 2 de diciembre en 2005, que se centraron en 3 aspectos de gran relevancia para el patrimonio arqueológico madrileño: la metodología aplicable en actuaciones de gran impacto y principales resultados obtenidos durante el año, la revisión del conocimiento del patrimonio arqueológico madrileño referido a la época moderna y contemporánea, y la puesta en común de las diferentes perspectivas que sobre la arqueología tienen los colectivos de profesionales implicados en su gestión y estudio |
| 530 ## - NOTA DISPONIBLE DE FORMULARIO FÍSICO ADICIONAL | |
| Nota de formato físico adicional disponible | Disponible en formato digital |
| 650 #4 - PUNTO DE ACCESO ADICIONAL DE MATERIA--TÉRMINO DE MATERIA | |
| Término de materia o nombre geográfico como elemento de entrada | Excavaciones arqueológicas- |
| Subdivisión geográfica | Madrid (Comunidad Autónoma) |
| 9 (RLIN) | 141253 |
| 650 #4 - PUNTO DE ACCESO ADICIONAL DE MATERIA--TÉRMINO DE MATERIA | |
| Término de materia o nombre geográfico como elemento de entrada | Excavaciones arqueológicas- |
| Subdivisión de forma | Congresos y asambleas |
| 9 (RLIN) | 172811 |
| 651 #4 - PUNTO DE ACCESO ADICIONAL DE MATERIA--NOMBRE GEOGRÁFICO | |
| Nombre geográfico | Madrid (Comunidad Autónoma)- |
| Subdivisión general | Restos arqueológicos- |
| Subdivisión de forma | Congresos y asambleas |
| Fuente del encabezamiento o término | embne |
| 9 (RLIN) | 241693 |
| 700 1# - ENTRADA AGREGADA--NOMBRE PERSONAL | |
| Nombre de persona | Martínez Díaz, Belén |
| 9 (RLIN) | 241691 |
| Término indicativo de función/relación | Director |
| 710 2# - ENTRADA AGREGADA--NOMBRE DE ENTIDAD CORPORATIVA | |
| Nombre de entidad corporativa o nombre de jurisdicción como elemento de entrada | Madrid (Comunidad Autónoma). |
| Unidad subordinada | Área de Protección del Patrimonio Arqueológico, Paleontológico y Etnológico |
| Término indicativo de función/relación | entidad responsable |
| 9 (RLIN) | 241699 |
| 710 2# - ENTRADA AGREGADA--NOMBRE DE ENTIDAD CORPORATIVA | |
| Nombre de entidad corporativa o nombre de jurisdicción como elemento de entrada | Ateneo de Madrid |
| Término indicativo de función/relación | Sede |
| 9 (RLIN) | 1875 |
| 710 1# - ENTRADA AGREGADA--NOMBRE DE ENTIDAD CORPORATIVA | |
| Nombre de entidad corporativa o nombre de jurisdicción como elemento de entrada | Madrid (Comunidad Autónoma). |
| Unidad subordinada | Dirección General de Patrimonio Histórico |
| Término indicativo de función/relación | Editor |
| 9 (RLIN) | 161737 |
| 856 4# - LOCALIZACIÓN Y ACCESO ELECTRÓNICOS | |
| Identificador Uniforme de Recursos | <a href="https://gestiona3.madrid.org/bvirtual/BVCM002586.pdf">https://gestiona3.madrid.org/bvirtual/BVCM002586.pdf</a> |
| Texto de enlace | Versión en línea |
| Nota pública | (PublicaMadrid) |
| 942 ## - ELEMENTOS DE ENTRADA SECUNDARIOS (KOHA) | |
| Fuente del sistema de clasificación o colocación | Clasificación decimal universal |
| Tipo de ítem Koha | Archivo de ordenador en CD-ROM, CD o disquete |
| Suprimir en OPAC | No |
No items available.
